World geography M - Statistics

General Stats
  • This quiz has been taken 84 times
  • The average score is 21 of 25
Answer Stats
Questions Answer % Correct
1) Capital of Spain Madrid
100%
8) Capital of Russia Moscow
99%
12) This African country is home to the native lemur population Madagascar
96%
10) State that Detroit is located in Michigan
96%
24) Holiest city in Islam, where thepilgrimage of Hajj is completed Mecca
95%
7) 2nd largest city in Australia Melbourne
95%
3) Mediterranean islandnation featuring the George Cross Malta
93%
6) capital of the Philippines Manila
93%
21) Longest river in the US Mississippi
93%
19) Large sea that separates Europefrom Asia Mediterranean
92%
5) Formerly named Bombay Mumbai
92%
22) Boston, American Revolution,whaling, Cape Cod, Plymouth landing Massachusetts
91%
25) Small, wealthy micronation on theFrench Mediterranean coast Monaco
91%
16) South Beach, Dolphins, Heat,Biscayne Bay Miami
88%
23) Capital of Uruguay Montevideo
88%
17) Popular Spanish resort island,largest of the Balearic islands Majorca
86%
20) Swedish city located across theOresund bridge from Copenhagen Malmo
82%
9) Nickname of Detroit due to its longautomotive history Motor City
82%
18) Smaller of the Balearic islands Minorca
80%
11) Winnipeg, Churchill, Hudson Bay Manitoba
78%
2) Large central Colombiancity, 2nd biggest Medellin
78%
4) Southeast Asian river basin hometo over 60 million people Mekong
74%
14) 2nd largest island in Hawaii Maui
73%
13) Capital of Bahrain Manama
61%
15) Large resort city in the westernMexican state of Sinaloa Mazatlan
15%
No matching quizzes found
Score Distribution
Percent of People with Each Score
Percentile by Number Answered
Your Score History
You have not taken this quiz